Significations : signs, symbols, and images in the interpretation of religion /

Bibliographic Details
Main Author: Long, Charles H.
Format: Book
Language:English
Published: Philadelphia : Fortress Press, [1986]
Subjects:

MARC

Tag First Indicator Second Indicator Subfields
LEADER 00000cam a2200000 a 4500
001 in00002781343
005 20150922133805.0
008 851206s1986 pau b 001 0 eng
010 |a  85045495  
020 |a 0800618920 (pbk.) 
020 |a 9780800618926 (pbk.) 
035 |a (OCoLC)ocm12974533 
040 |a DLC  |b eng  |c DLC  |d NLGGC  |d BTCTA  |d YDXCP  |d BAKER  |d GEBAY  |d BDX  |d UtOrBLW 
043 |a n-us--- 
049 |a TXAM 
050 0 0 |a BL48  |b .L58 1986 
082 0 0 |a 291  |2 19 
084 |a 11.09  |2 bcl 
100 1 |a Long, Charles H. 
245 1 0 |a Significations :  |b signs, symbols, and images in the interpretation of religion /  |c Charles H. Long. 
264 1 |a Philadelphia :  |b Fortress Press,  |c [1986] 
264 4 |c ©1986 
300 |a viii, 207 pages ;  |c 23 cm. 
336 |a text  |b txt  |2 rdacontent 
337 |a unmediated  |b n  |2 rdamedia 
338 |a volume  |b nc  |2 rdacarrier 
504 |a Includes bibliographies and index. 
650 0 |a Religion. 
650 0 |a African Americans  |x Religion. 
650 1 7 |a Symbolen.  |2 gtt 
650 1 7 |a Tekenen.  |2 gtt 
650 0 7 |a Afroamerikanischer Synkretismus.  |2 swd 
650 0 7 |a Hermeneutik.  |2 swd 
650 0 7 |a Religionswissenschaft.  |2 swd 
776 0 8 |i Online version:  |a Long, Charles H.  |t Significations.  |d Philadelphia : Fortress Press, c1986  |w (OCoLC)570134092 
776 0 8 |i Online version:  |a Long, Charles H.  |t Significations.  |d Philadelphia : Fortress Press, c1986  |w (OCoLC)609048990 
948 |a cataloged  |b h  |c 2012/11/16  |d c  |e ceaton  |f 10:24:43 am 
994 |a C0  |b TXA 
999 |a MARS 
999 f f |s e572d84d-4b0f-3177-b5ef-e50f6b3eb738  |i 5d96bc23-1c25-3c53-a362-d44e091fcbc6  |t 0 
952 f f |p normal  |a Texas A&M University  |b College Station  |c Sterling C. Evans Library  |s Evans stk  |d Evans: Library Stacks  |t 0  |e BL48 .L58 1986  |h Library of Congress classification  |i unmediated -- volume  |m A14841590582